Las verdades que debemos creer : doce principios eternos para una vida triunfante/ Chris Thurman ; Javier Quiñones-Ortiz, Traductor (Registro nro. 32328)
[ vista simple ]
| 000 -LÍDER | |
|---|---|
| Campo fijo de descripción fija | 012350000a22002050004500 |
| 020 ## - NÚMERO INTERNACIONAL NORMALIZADO PARA LIBROS | |
| Número Internacional Normalizado del libro | 0-88113-1210 |
| 082 04 - NÚMERO DE CLASIFICACIÓN DECIMAL DEWEY | |
| Número de clasificación | G 253.52 T539v |
| 001 - NÚMERO DE CONTROL | |
| Campo de control | 929 |
| 100 1# - ASIENTO PRINCIPAL--NOMBRE PERSONAL | |
| Nombre personal | Thurman, Chris |
| 245 10 - TÍTULO | |
| Título del Material | Las verdades que debemos creer : doce principios eternos para una vida triunfante/ Chris Thurman ; Javier Quiñones-Ortiz, Traductor |
| 260 ## - PUBLICACIÓN, DISTRIBUCIÓN, ETC. (PIE DE IMPRENTA) | |
| Lugar de publicación, distribución, etc. | Miami, FL., USA : Betania |
| 300 ## - DESCRIPCIÓN FÍSICA | |
| Extensión | 208 Pag. |
| 336 ## - CONTENT TYPE | |
| Content type term | texto |
| Content type code | txt |
| Source | rdacontent |
| 337 ## - MEDIA TYPE | |
| Source | rdamedia |
| Media type term | sin mediación |
| Media type code | n |
| 338 ## - CARRIER TYPE | |
| Source | rdacarrier |
| Carrier type term | volumen |
| Carrier type code | nc |
| 500 ## - NOTA GENERAL | |
| Nota General | Título original : The truths we must believe |
| 505 00 - NOTA DE CONTENIDO | |
| Nota de contenido con formato preestablecido | \ I parte: La verdad y la salud emocional \ II Parte: Las doce verdades principales de thurman para la vida emocionalmente saludable. Herrar es humano -- Pasó lo que tenía que pasar -- No puede complacer a todo el mundo -- No tiene que hacerlo -- Usted va a morir -- La virtud está en la lucha, no en el premio -- Usted no tiene derechos -- No hay ganancia sin dolor -- Su niñez no ha terminado -- Los problemas emocionales son buenos -- La vida es difícil -- Se cosecha lo que se siembra \ III. Parte: La práctica y el encuentro de la verdad definitiva |
| 650 14 - ASIENTO SECUNDARIO DE MATERIA - TERMINO TEMÁTICO | |
| Término temático o nombre geográfico como elemento de entrada | CONDUCTA (ETICA) \ PSICOLOGIA PASTORAL \ VERDAD - PSICOLOGIA |
| 942 ## - TIPO DE MATERIAL (KOHA) | |
| Tipo de Item KOHA | Libros General |
| Estado de Material | Estado de Perdido | Estado de Dañado | No para Préstamo | Colección | Tomo | Biblioteca de Origen | Biblioteca Permanente | Fecha de Adquisición | Total de Préstamos | Signatura Topográfica | Código de Barras | Última vez visto | Ejemplar/Existencia | Fecha de Remplazo | Tipo de Material |
|---|---|---|---|---|---|---|---|---|---|---|---|---|---|---|---|
| Colección General | Biblioteca FUSBC | Biblioteca FUSBC | 28/09/2004 | G 253.52 T539v | 13451 | 12/12/2019 | 1 | 26/01/2016 | Libros General |
